[Event "FRA-chT2 0910"]
[Site "France"]
[Date "2009.10.04"]
[Round "1.7"]
[White "Barbaras, Mathieu"]
[Black "Joly, Laurent"]
[Result "1/2-1/2"]
[WhiteElo "1901"]
[BlackElo "2043"]
[PlyCount "126"]
[EventDate "2009.09.27"]
[EventType "team"]
[EventRounds "11"]
[EventCountry "FRA"]
[Source "ChessBase"]
[SourceDate "2010.03.11"]

1. e4 Nf6 2. Nc3 d5 3. exd5 Nxd5 4. Bc4 Nb6 5. Bb3 Nc6 6. Nf3 Bf5 7. O-O e6 8.
d4 Be7 9. Bf4 O-O 10. h3 Qd7 11. Ne5 Nxe5 12. Bxe5 Rad8 13. Ne2 c5 14. c3 cxd4
15. Nxd4 Bg6 16. Qe2 Rfe8 17. Rad1 Qc8 18. Nb5 a6 19. Nd6 Bxd6 20. Bxd6 Qc6 21.
Bg3 a5 22. Rxd8 Rxd8 23. Rd1 Rd7 24. Rxd7 Qxd7 25. Qd1 Bd3 26. Bc7 Qxc7 27.
Qxd3 g6 28. Qb5 Nc8 29. Qc4 Qxc4 30. Bxc4 Nd6 31. Bd3 e5 32. f3 f5 33. Kf2 Kf7
34. Ke3 Ke6 35. a4 Kd5 36. b3 g5 37. Bc2 h6 38. g3 Kc5 39. Bd3 b6 40. Bc2 Kd5
41. Bd3 Kc5 42. Bc2 b5 43. axb5 Nxb5 44. b4+ axb4 45. cxb4+ Kxb4 46. Bxf5 Nd6
47. Be6 Kc5 48. f4 gxf4+ 49. gxf4 exf4+ 50. Kxf4 Kd4 51. Bf5 Kd5 52. Bd7 Nf7
53. Kf5 Ng5 54. h4 Nf3 55. h5 Nh4+ 56. Kf6 Ng2 57. Kf5 Kd6 58. Bc8 Ke7 59. Bb7
Ne3+ 60. Kg6 Kf8 61. Kxh6 Kg8 62. Kg6 Kh8 63. Bc8 Nd5 1/2-1/2

[Event "FRA-chT2 0910"]
[Site "France"]
[Date "2009.10.04"]
[Round "1.7"]
[White "Barbaut, Michel"]
[Black "Gaffe, Yoann"]
[Result "1-0"]
[WhiteElo "2059"]
[BlackElo "1980"]
[PlyCount "67"]
[EventDate "2009.09.27"]
[EventType "team"]
[EventRounds "11"]
[EventCountry "FRA"]
[Source "ChessBase"]
[SourceDate "2010.03.11"]

1. e4 c5 2. d4 cxd4 3. c3 d3 4. Bxd3 Nc6 5. c4 g6 6. Nc3 Bg7 7. Nf3 d6 8. h3
Nf6 9. O-O O-O 10. Be3 Nd7 11. Rc1 Nc5 12. Bb1 Be6 13. b3 a5 14. Qe2 Qc8 15.
Nd5 Ra6 16. e5 Bxd5 17. cxd5 Nb8 18. a3 Qd8 19. Bxc5 dxc5 20. Rxc5 b6 21. Rb5
Ra7 22. Rd1 Na6 23. Nd4 Nc7 24. Nc6 Nxb5 25. Qxb5 Qa8 26. Nxa7 Qxa7 27. f4 Qc7
28. Qc6 Qa7 29. Rc1 b5+ 30. Qc5 Qb8 31. Qc7 Qa8 32. Rc6 Rd8 33. Be4 Qb8 34.
Qxa5 1-0

[Event "FRA-chT2 0910"]
[Site "France"]
[Date "2009.10.04"]
[Round "1.7"]
[White "Bauer, Frederic"]
[Black "Neuhauser, Salome"]
[Result "0-1"]
[WhiteElo "2074"]
[BlackElo "2041"]
[PlyCount "68"]
[EventDate "2009.09.27"]
[EventType "team"]
[EventRounds "11"]
[EventCountry "FRA"]
[Source "ChessBase"]
[SourceDate "2010.03.11"]

1. d4 Nf6 2. Bg5 g6 3. Bxf6 exf6 4. g3 Bg7 5. Bg2 O-O 6. c4 f5 7. Nc3 d6 8. e3
Nd7 9. Nge2 Rb8 10. O-O b6 11. Qa4 a6 12. Rfd1 Nf6 13. b4 Qe7 14. Qc2 c5 15.
bxc5 bxc5 16. Nf4 Qa7 17. Rab1 Bd7 18. Ncd5 Nxd5 19. Nxd5 cxd4 20. Rxb8 Rxb8
21. exd4 Bxd4 22. Qd2 Be5 23. Qh6 Bg7 24. Qf4 Rb2 25. Ne3 Be5 26. Qg5 Be6 27.
h4 Kg7 28. h5 h6 29. Qd8 Bxg3 30. hxg6 Bxf2+ 31. Kh1 Qxe3 32. gxf7 Bxf7 33.
Qxd6 Qe2 34. c5 Qh5+ 0-1

[Event "FRA-chT2 0910"]
[Site "France"]
[Date "2009.10.04"]
[Round "1.7"]
[White "Bensaid, Alexandre"]
[Black "Lemoine, Thomas"]
[Result "0-1"]
[WhiteElo "1909"]
[BlackElo "2004"]
[PlyCount "106"]
[EventDate "2009.09.27"]
[EventType "team"]
[EventRounds "11"]
[EventCountry "FRA"]
[Source "ChessBase"]
[SourceDate "2010.03.11"]

1. e4 e6 2. d4 d5 3. Nc3 Bb4 4. e5 c5 5. Bd2 Ne7 6. Nb5 Bxd2+ 7. Qxd2 O-O 8.
dxc5 Nd7 9. Qc3 Nc6 10. f4 f6 11. exf6 Nxf6 12. O-O-O Ne4 13. Qe3 Qa5 14. Kb1
a6 15. Nd4 Qxc5 16. Ngf3 Bd7 17. Bd3 Nf6 18. Rhe1 Rae8 19. Nxc6 Qxc6 20. Ne5
Qc7 21. c3 b5 22. g4 Bc6 23. g5 Ne4 24. Bxe4 dxe4 25. Nxc6 Qxc6 26. Qxe4 Qc7
27. Rd4 Re7 28. Qe3 g6 29. Re4 Ref7 30. Rxe6 Qxf4 31. Rxa6 Qxh2 32. Rb6 Rb8 33.
Rf6 Rxf6 34. gxf6 Qd6 35. Qa7 Rf8 36. Rh1 Rf7 37. Qa8+ Rf8 38. Qb7 Rf7 39. Qxb5
Qxf6 40. Qe8+ Kg7 41. Re1 Qf5+ 42. Ka1 Qf2 43. a4 h5 44. a5 h4 45. Rh1 Qg3 46.
Qc8 g5 47. Qc5 Kg6 48. Rg1 Qf4 49. b4 h3 50. a6 h2 51. Qc6+ Kg7 52. Rd1 g4 53.
b5 Qa4+ 0-1

[Event "FRA-chT2 0910"]
[Site "France"]
[Date "2009.10.04"]
[Round "1.7"]
[White "Bolon, Karelle"]
[Black "Muratet, Lucas"]
[Result "1-0"]
[WhiteElo "2086"]
[BlackElo "1955"]
[PlyCount "61"]
[EventDate "2009.09.27"]
[EventType "team"]
[EventRounds "11"]
[EventCountry "FRA"]
[Source "ChessBase"]
[SourceDate "2010.03.11"]

1. d4 Nf6 2. Bg5 Ne4 3. Bf4 c5 4. f3 Qa5+ 5. c3 Nf6 6. d5 d6 7. e4 g6 8. Nd2
Bg7 9. Nc4 Qd8 10. a4 O-O 11. Bd3 Na6 12. Ne2 Nc7 13. Rb1 Nh5 14. Bg5 h6 15.
Bh4 g5 16. Bg3 f5 17. Qc2 Nxg3 18. Nxg3 Qe8 19. O-O f4 20. Nf5 Bxf5 21. exf5
Nxd5 22. Be4 Nb6 23. Nxb6 axb6 24. Qb3+ Kh8 25. Qxb6 Qd7 26. Rfd1 Qxa4 27. Qxb7
Ra7 28. Qd5 Bf6 29. Rdc1 Qa2 30. Qd1 Rd8 31. Ra1 1-0

[Event "FRA-chT2 0910"]
[Site "France"]
[Date "2009.10.04"]
[Round "1.7"]
[White "Bureau, Frederic"]
[Black "Tching Sin, Olivier"]
[Result "1-0"]
[WhiteElo "2052"]
[BlackElo "2008"]
[PlyCount "69"]
[EventDate "2009.09.27"]
[EventType "team"]
[EventRounds "11"]
[EventCountry "FRA"]
[Source "ChessBase"]
[SourceDate "2010.03.11"]

1. d4 Nf6 2. Nf3 g6 3. Bg5 Bg7 4. Nbd2 d5 5. e3 O-O 6. Bd3 c6 7. O-O b6 8. Qe2
Bg4 9. h3 Bxf3 10. Qxf3 Nbd7 11. e4 dxe4 12. Nxe4 Nd5 13. c3 N7f6 14. Nxf6+
exf6 15. Bd2 Qd7 16. Rfe1 Rfe8 17. Rxe8+ Rxe8 18. Rd1 f5 19. Bg5 Qd6 20. Bc4
Re4 21. g4 Qe6 22. gxf5 gxf5 23. Bxd5 Qxd5 24. Qg3 Qe6 25. b3 Re2 26. Kf1 h6
27. Bxh6 Rxf2+ 28. Kxf2 Qxh6 29. Re1 Kh7 30. Re2 Bf6 31. Kg2 Bh4 32. Qf3 f4 33.
Qg4 Qf6 34. Re5 f3+ 35. Kf1 1-0

[Event "FRA-chT2 0910"]
[Site "France"]
[Date "2009.10.04"]
[Round "1.7"]
[White "Cherki, Thomas"]
[Black "Guennoun, Anthony"]
[Result "1/2-1/2"]
[WhiteElo "2144"]
[BlackElo "2139"]
[PlyCount "36"]
[EventDate "2009.09.27"]
[EventType "team"]
[EventRounds "11"]
[EventCountry "FRA"]
[Source "ChessBase"]
[SourceDate "2010.03.11"]

1. e4 c5 2. Nc3 Nc6 3. f4 d6 4. Nf3 Nf6 5. Bc4 e6 6. O-O d5 7. exd5 exd5 8. Bb5
Be7 9. Ne5 Qb6 10. a4 O-O 11. Bxc6 bxc6 12. a5 Qc7 13. d4 cxd4 14. Qxd4 Bf5 15.
Qa4 Bc5+ 16. Kh1 Rac8 17. Ne2 Ng4 18. b4 Nf2+ 1/2-1/2

[Event "FRA-chT2 0910"]
[Site "France"]
[Date "2009.10.04"]
[Round "1.7"]
[White "Degremont, Patrick"]
[Black "Criton, Roland"]
[Result "1-0"]
[WhiteElo "1955"]
[BlackElo "1971"]
[PlyCount "132"]
[EventDate "2009.09.27"]
[EventType "team"]
[EventRounds "11"]
[EventCountry "FRA"]
[Source "ChessBase"]
[SourceDate "2010.03.11"]

1. e4 c6 2. d3 d5 3. Nd2 dxe4 4. dxe4 Nf6 5. Ngf3 Bg4 6. c3 Nbd7 7. Bc4 e6 8.
Qc2 Qc7 9. O-O Bc5 10. b4 Be7 11. Bb3 O-O 12. Bb2 a5 13. a3 Rfd8 14. Rfe1 Bh5
15. h3 Bg6 16. Nh4 Bh5 17. Nhf3 Bg6 18. Qc1 Qf4 19. g3 Qc7 20. e5 Nd5 21. c4
N5b6 22. c5 Nd5 23. Bxd5 cxd5 24. Nb3 axb4 25. axb4 Rxa1 26. Bxa1 b6 27. c6
Bxb4 28. cxd7 Qxd7 29. Re3 Rc8 30. Qf1 h6 31. Ne1 Qa4 32. f4 Bc5 33. Nxc5 bxc5
34. Ng2 d4 35. Re1 d3 36. Qf2 c4 37. Bd4 Qb3 38. Qd2 Ra8 39. Ra1 Rb8 40. Ne3
Be4 41. Kh2 Kh7 42. g4 Qb5 43. Nf1 Ra8 44. Ng3 Rxa1 45. Bxa1 Bc6 46. Bc3 Qd5
47. Qf2 Bb7 48. f5 Bc6 49. h4 Bb7 50. Kh3 Bc6 51. Nf1 Qe4 52. Ne3 Bb7 53. Kg3
Bd5 54. Nf1 Bb7 55. Nd2 Qd5 56. g5 Bc6 57. gxh6 Kxh6 58. fxe6 fxe6 59. Qf4+ Kh7
60. Nf3 Kg8 61. Kg4 Bb7 62. Kg3 Bc6 63. h5 Bb7 64. Nd2 Qg2+ 65. Kh4 Qh1+ 66.
Kg5 Qg1+ 1-0

[Event "FRA-chT2 0910"]
[Site "France"]
[Date "2009.10.04"]
[Round "1.7"]
[White "Dorp, David"]
[Black "Gatine, Aurelia"]
[Result "1-0"]
[WhiteElo "2078"]
[BlackElo "1998"]
[PlyCount "65"]
[EventDate "2009.09.27"]
[EventType "team"]
[EventRounds "11"]
[EventCountry "FRA"]
[Source "ChessBase"]
[SourceDate "2010.03.11"]

1. Nf3 Nf6 2. c4 g6 3. g3 Bg7 4. Bg2 O-O 5. O-O d6 6. Nc3 e5 7. d3 Nh5 8. Rb1
f5 9. Nd2 Nc6 10. b4 f4 11. Nd5 Bf5 12. Ne4 Qd7 13. b5 Nd4 14. Ba3 Bh3 15. Nxc7
Nxe2+ 16. Qxe2 Bxg2 17. Nxa8 f3 18. Qe1 Bh6 19. Nxd6 Qh3 20. Qxe5 Bxf1 21. Qd5+
Kg7 22. Bb2+ Nf6 23. Qxf3 Qd7 24. Rxf1 Qxd6 25. Qxb7+ Rf7 26. Qf3 Kg8 27. Re1
Qd8 28. Nc7 Qxc7 29. Bxf6 Qc8 30. Re7 Rxe7 31. Bxe7 Qe8 32. Qd5+ Kg7 33. Qe6
1-0

[Event "FRA-chT2 0910"]
[Site "France"]
[Date "2009.10.04"]
[Round "1.7"]
[White "Etienne, Eric"]
[Black "Vigneron, Quentin"]
[Result "1-0"]
[WhiteElo "2076"]
[BlackElo "1927"]
[PlyCount "61"]
[EventDate "2009.09.27"]
[EventType "team"]
[EventRounds "11"]
[EventCountry "FRA"]
[Source "ChessBase"]
[SourceDate "2010.03.11"]

1. d4 f5 2. Nc3 Nf6 3. Bg5 d5 4. Bxf6 exf6 5. e3 Be6 6. Bd3 Qd7 7. Qf3 Nc6 8.
a3 Ne7 9. Nge2 c6 10. h4 h5 11. Qg3 Bf7 12. Na4 b6 13. Nac3 Nc8 14. f3 Nd6 15.
e4 fxe4 16. fxe4 dxe4 17. Nxe4 Nxe4 18. Bxe4 O-O-O 19. O-O-O Bd5 20. Bd3 Bd6
21. Qf2 Kb7 22. Nc3 Bc7 23. Rhe1 Rhe8 24. Be2 Bf7 25. Bf3 Rxe1 26. Qxe1 Re8 27.
Qf1 Qe7 28. Kb1 Kb8 29. Bxc6 Rd8 30. Bf3 Qe3 31. Qa6 1-0

[Event "FRA-chT2 0910"]
[Site "France"]
[Date "2009.10.04"]
[Round "1.7"]
[White "Foussard, Gervais"]
[Black "Brient, Yoann"]
[Result "0-1"]
[WhiteElo "1930"]
[BlackElo "1905"]
[PlyCount "55"]
[EventDate "2009.09.27"]
[EventType "team"]
[EventRounds "11"]
[EventCountry "FRA"]
[Source "ChessBase"]
[SourceDate "2010.03.11"]

1. e4 c5 2. c3 Nf6 3. e5 Nd5 4. d4 cxd4 5. Nf3 Nc6 6. cxd4 d6 7. Bc4 Nb6 8. Bb5
a6 9. Bxc6+ bxc6 10. O-O d5 11. Ne1 Bf5 12. Nc3 h5 13. Nd3 e6 14. b3 Qh4 15. f4
g5 16. g3 Qg4 17. Nf2 Qxd1 18. Ncxd1 gxf4 19. Bxf4 c5 20. dxc5 Bxc5 21. Rc1 Rc8
22. Ne3 Bg6 23. Rfd1 O-O 24. g4 Ba3 25. Rxc8 Rxc8 26. Kg2 Nd7 27. gxh5 Bxh5 28.
Neg4 0-1

[Event "FRA-chT2 0910"]
[Site "France"]
[Date "2009.10.04"]
[Round "1.7"]
[White "Gaubil, Olivier"]
[Black "Milesi, Laurent"]
[Result "1/2-1/2"]
[WhiteElo "2114"]
[BlackElo "2120"]
[PlyCount "49"]
[EventDate "2009.09.27"]
[EventType "team"]
[EventRounds "11"]
[EventCountry "FRA"]
[Source "ChessBase"]
[SourceDate "2010.03.11"]

1. Nf3 b6 2. d4 Bb7 3. g3 e6 4. c4 f5 5. Bg2 Nf6 6. Nc3 g6 7. O-O Bg7 8. d5 Na6
9. dxe6 dxe6 10. Ne5 Bxg2 11. Kxg2 Qxd1 12. Rxd1 Ne4 13. Nxe4 Bxe5 14. Ng5 Nc5
15. e4 O-O 16. Nf3 Bg7 17. e5 a5 18. Bg5 Rf7 19. Be3 Ne4 20. Rd3 h6 21. Rad1 g5
22. Rd8+ Rxd8 23. Rxd8+ Rf8 24. Rd7 Rf7 25. Rd8+ 1/2-1/2

[Event "FRA-chT2 0910"]
[Site "France"]
[Date "2009.10.04"]
[Round "1.7"]
[White "L'Huillier, Robin"]
[Black "Saglier, Paul"]
[Result "1/2-1/2"]
[WhiteElo "1926"]
[BlackElo "1899"]
[PlyCount "127"]
[EventDate "2009.09.27"]
[EventType "team"]
[EventRounds "11"]
[EventCountry "FRA"]
[Source "ChessBase"]
[SourceDate "2010.03.11"]

1. e4 c5 2. Nf3 d6 3. Bb5+ Bd7 4. Bxd7+ Qxd7 5. O-O Nc6 6. c3 Nf6 7. Re1 e6 8.
d4 cxd4 9. cxd4 d5 10. e5 Ne4 11. Ng5 Nxd4 12. Nxe4 dxe4 13. Rxe4 Rd8 14. Nc3
Nb5 15. Bg5 Nxc3 16. Qxd7+ Rxd7 17. bxc3 Bc5 18. Ree1 h6 19. Be3 Bxe3 20. Rxe3
O-O 21. Kf1 Rfd8 22. Rb1 Kf8 23. Rb2 Ke7 24. Ke2 b6 25. f4 Rd5 26. a4 R8d7 27.
h4 h5 28. g3 g6 29. c4 Rd1 30. a5 bxa5 31. Ra2 Rc1 32. Re4 Rdd1 33. Rxa5 Re1+
34. Kd3 Rxe4 35. Rxa7+ Kd8 36. Kxe4 Rxc4+ 37. Kd3 Rc1 38. Kd4 Rd1+ 39. Ke3 Ke8
40. Ra3 Ke7 41. Rd3 Rc1 42. Kf3 Rf1+ 43. Kg2 Rc1 44. Kf3 Rf1+ 45. Ke4 Re1+ 46.
Kd4 Ra1 47. Rc3 Ra5 48. Kc4 Ra1 49. Kc5 Kd7 50. Rb3 Rc1+ 51. Kb6 Rc2 52. Kb7
Rc4 53. Rd3+ Ke7 54. Rd2 Rc3 55. Rg2 Kd7 56. Kb6 Ke7 57. Kb5 f6 58. Kb4 Re3 59.
exf6+ Kxf6 60. Kc4 Kf5 61. Kd4 Ra3 62. Rg1 Kg4 63. Ke4 Rxg3 64. Rh1 1/2-1/2

[Event "FRA-chT2 0910"]
[Site "France"]
[Date "2009.10.04"]
[Round "1.7"]
[White "Labadie, Jean Jacques"]
[Black "Blum, Gary"]
[Result "1/2-1/2"]
[WhiteElo "2043"]
[BlackElo "2080"]
[PlyCount "127"]
[EventDate "2009.09.27"]
[EventType "team"]
[EventRounds "11"]
[EventCountry "FRA"]
[Source "ChessBase"]
[SourceDate "2010.03.11"]

1. d4 d5 2. c4 e6 3. Nc3 Nf6 4. cxd5 exd5 5. Bg5 Be7 6. e3 c6 7. Bd3 O-O 8. Qc2
Nbd7 9. Nge2 Re8 10. O-O-O Ne4 11. Bxe7 Qxe7 12. Bxe4 dxe4 13. Ng3 Nf6 14. Kb1
Bf5 15. Rd2 Rad8 16. h3 Be6 17. Ncxe4 Nxe4 18. Qxe4 Bxa2+ 19. Kxa2 Qxe4 20.
Nxe4 Rxe4 21. Rc1 f5 22. g3 Kf7 23. Rc5 Kf6 24. Kb3 Re6 25. Rdc2 g6 26. Ra5 a6
27. Kc4 Ke7 28. Rd2 Rd7 29. h4 Kd8 30. Rd1 Kc7 31. b4 Red6 32. h5 Rd5 33. hxg6
hxg6 34. Rh1 Kb6 35. Rh6 Rxa5 36. bxa5+ Kxa5 37. Rxg6 Rd5 38. f3 b5+ 39. Kc3
b4+ 40. Kc4 Rb5 41. Kb3 c5 42. Rc6 cxd4 43. exd4 Rd5 44. Rc4 Rb5 45. g4 fxg4
46. fxg4 Rb8 47. Rc5+ Kb6 48. Kxb4 Rf8 49. Rf5 a5+ 50. Kc4 Rc8+ 51. Rc5 Rg8 52.
g5 a4 53. Rf5 Ra8 54. Rf2 a3 55. Kb3 Kc6 56. g6 Kd5 57. g7 Rg8 58. Kc3 Rxg7 59.
Rf5+ Kd6 60. Ra5 Rg3+ 61. Kc4 Rh3 62. Ra6+ Kd7 63. Kc5 Rc3+ 64. Kd5 1/2-1/2

[Event "FRA-chT2 0910"]
[Site "France"]
[Date "2009.10.04"]
[Round "1.7"]
[White "Ledoux, Alain"]
[Black "Leuly, Max"]
[Result "0-1"]
[WhiteElo "1938"]
[BlackElo "2149"]
[PlyCount "88"]
[EventDate "2009.09.27"]
[EventType "team"]
[EventRounds "11"]
[EventCountry "FRA"]
[Source "ChessBase"]
[SourceDate "2010.03.11"]

1. e4 c5 2. Nf3 d6 3. Bc4 e6 4. c3 Nf6 5. Qe2 Be7 6. O-O O-O 7. Bb3 Nc6 8. Rd1
a6 9. d3 b5 10. Nbd2 Bb7 11. Nf1 Rc8 12. Ng3 Qc7 13. Bf4 Na5 14. Bc2 e5 15. Bg5
h6 16. Bd2 Rfe8 17. Nf5 Bf8 18. N3h4 Kh7 19. Rac1 g6 20. Ng3 Bg7 21. Rf1 Rcd8
22. a4 Qd7 23. axb5 axb5 24. h3 Nc6 25. Nf3 d5 26. Be3 d4 27. Bd2 Ba6 28. Ra1
Ra8 29. Nh2 Bb7 30. f4 Rxa1 31. Rxa1 exf4 32. Bxf4 dxc3 33. bxc3 Nd5 34. Bd2
Nxc3 35. Bxc3 Bxc3 36. Rc1 Bg7 37. Ng4 Nd4 38. Qf1 Nxc2 39. Rxc2 Qd4+ 40. Kh1
Re7 41. Ne2 Qxd3 42. Rxc5 Bxe4 43. Qf2 Qxh3+ 44. Nh2 Qxg2+ 0-1

[Event "FRA-chT2 0910"]
[Site "France"]
[Date "2009.10.04"]
[Round "1.7"]
[White "Marchadour, Emilie"]
[Black "Restout, Bruce"]
[Result "0-1"]
[WhiteElo "2063"]
[BlackElo "2054"]
[PlyCount "96"]
[EventDate "2009.09.27"]
[EventType "team"]
[EventRounds "11"]
[EventCountry "FRA"]
[Source "ChessBase"]
[SourceDate "2010.03.11"]

1. e4 c5 2. Nf3 g6 3. d4 cxd4 4. Nxd4 Nc6 5. Be3 Bg7 6. Nc3 Nf6 7. Be2 O-O 8.
O-O d6 9. Kh1 Bd7 10. f4 Rc8 11. Bf3 Na5 12. Nce2 Nc4 13. Bc1 Ng4 14. Qd3 e5
15. Bxg4 Bxg4 16. Nf3 exf4 17. Nxf4 Bxf3 18. gxf3 Nxb2 19. Bxb2 Bxb2 20. Rab1
Be5 21. Nd5 b6 22. f4 Bg7 23. f5 Be5 24. f6 Re8 25. Rf3 Re6 26. Rbf1 Rc5 27.
Qd2 Rxd5 28. exd5 Rxf6 29. Rxf6 Bxf6 30. Qf4 Kg7 31. Rf3 Qe7 32. Re3 Be5 33.
Qf3 Qf6 34. Qxf6+ Kxf6 35. Kg2 Ke7 36. Kf3 f5 37. h3 g5 38. Ra3 a5 39. Rb3 Bd4
40. Rb1 h5 41. Re1+ Be5 42. Rb1 g4+ 43. hxg4 fxg4+ 44. Ke4 Kf6 45. Rxb6 h4 46.
Rb1 h3 47. Ke3 g3 48. Kf3 g2 0-1

[Event "FRA-chT2 0910"]
[Site "France"]
[Date "2009.10.04"]
[Round "1.7"]
[White "Murie, Eric"]
[Black "Vandomel, Fabrice"]
[Result "1-0"]
[WhiteElo "2083"]
[BlackElo "1878"]
[PlyCount "57"]
[EventDate "2009.09.27"]
[EventType "team"]
[EventRounds "11"]
[EventCountry "FRA"]
[Source "ChessBase"]
[SourceDate "2010.03.11"]

1. e4 e6 2. d4 d5 3. Nd2 Nf6 4. e5 Nfd7 5. f4 c5 6. c3 Nc6 7. Ndf3 Qb6 8. a3
cxd4 9. cxd4 a5 10. Be2 Be7 11. Nh3 f6 12. Nf2 O-O 13. O-O Qa7 14. Kh1 b6 15.
Bb5 Ncb8 16. Bd2 Ba6 17. Qb3 Bxb5 18. Qxb5 Na6 19. Qc6 Kf7 20. f5 Ndb8 21.
Qxe6+ Ke8 22. Qxd5 Nc7 23. Qe4 Kf7 24. Rac1 Rd8 25. Ng4 Nd5 26. exf6 Nxf6 27.
Qe6+ Ke8 28. Nfe5 Rd6 29. Rc8+ 1-0

[Event "FRA-chT2 0910"]
[Site "France"]
[Date "2009.10.04"]
[Round "1.7"]
[White "Pinard, Alain"]
[Black "Engelmann, Herve"]
[Result "1/2-1/2"]
[WhiteElo "2095"]
[BlackElo "2076"]
[PlyCount "54"]
[EventDate "2009.09.27"]
[EventType "team"]
[EventRounds "11"]
[EventCountry "FRA"]
[Source "ChessBase"]
[SourceDate "2010.03.11"]

1. Nf3 d5 2. g3 Nf6 3. Bg2 c6 4. O-O Bf5 5. b3 e6 6. Bb2 Nbd7 7. d3 h6 8. Nbd2
Be7 9. Qe1 O-O 10. e4 dxe4 11. Nxe4 Qb6 12. a3 Rfd8 13. Bd4 c5 14. Bc3 a5 15.
Ned2 Qc7 16. Nc4 a4 17. bxa4 Rxa4 18. Rb1 Rb8 19. Nfe5 b5 20. Nc6 bxc4 21.
Nxe7+ Kf8 22. Nxf5 exf5 23. dxc4 Rxa3 24. Qd2 Ne4 25. Bxe4 fxe4 26. Rfd1 Rxb1
27. Rxb1 Kg8 1/2-1/2

[Event "FRA-chT2 0910"]
[Site "France"]
[Date "2009.10.04"]
[Round "1.7"]
[White "Pouplin, Johan"]
[Black "Nord, Antoine"]
[Result "0-1"]
[WhiteElo "1781"]
[BlackElo "1939"]
[PlyCount "92"]
[EventDate "2009.09.27"]
[EventType "team"]
[EventRounds "11"]
[EventCountry "FRA"]
[Source "ChessBase"]
[SourceDate "2010.03.11"]

1. d4 Nf6 2. c4 e6 3. g3 d5 4. Bg2 Be7 5. Nf3 O-O 6. O-O Nbd7 7. Nc3 c6 8. b3
Re8 9. Bb2 Bd6 10. Qc2 dxc4 11. bxc4 e5 12. d5 Qc7 13. Rfc1 Nc5 14. e4 Qe7 15.
a4 a5 16. Nd2 Nfd7 17. Nd1 Na6 18. Nb3 Nac5 19. Ne3 g6 20. Nxc5 Nxc5 21. Bc3
Bd7 22. Rcb1 Red8 23. Qd1 h5 24. Qd2 Bc7 25. Qc2 Bc8 26. Rd1 Bd6 27. Kh1 Qc7
28. Rab1 Be7 29. Ra1 h4 30. f3 hxg3 31. hxg3 Kg7 32. Be1 Rh8+ 33. Kg1 Bh3 34.
Rd2 Bg5 35. Bf2 Qc8 36. Rdd1 Bxg2 37. Nxg2 Na6 38. Kf1 cxd5 39. exd5 Qh3 40.
Bg1 Qxg3 41. Ra3 Rh1 42. Qf2 Qxf2+ 43. Kxf2 Rc8 44. Rc3 Nc5 45. d6 Nxa4 46. d7
Rd8 0-1

[Event "FRA-chT2 0910"]
[Site "France"]
[Date "2009.10.04"]
[Round "1.7"]
[White "Seney, Jean Pierre"]
[Black "Alarcon, Eric"]
[Result "0-1"]
[WhiteElo "1400"]
[BlackElo "1970"]
[PlyCount "52"]
[EventDate "2009.09.27"]
[EventType "team"]
[EventRounds "11"]
[EventCountry "FRA"]
[Source "ChessBase"]
[SourceDate "2010.03.11"]

1. d4 Nf6 2. c4 e6 3. a3 d5 4. c5 a5 5. Nc3 b6 6. Na4 bxc5 7. dxc5 Ba6 8. Nf3
Nc6 9. g3 Be7 10. Bg2 O-O 11. O-O Ne4 12. Re1 Nxc5 13. e3 Nd3 14. Bd2 Nxe1 15.
Qxe1 Qd7 16. Nc3 Rab8 17. Qc1 Bf6 18. Qc2 Ne5 19. Nxe5 Bxe5 20. Rb1 c5 21. Na4
Bd3 22. Qxd3 Qxa4 23. Qa6 Qc2 24. Rc1 Qxd2 25. Rxc5 Rxb2 26. Rc8 Qxf2+ 0-1

[Event "FRA-chT2 0910"]
[Site "France"]
[Date "2009.10.04"]
[Round "1.7"]
[White "Sion, Philippe"]
[Black "Daniel, Antoine"]
[Result "1-0"]
[WhiteElo "1993"]
[BlackElo "1849"]
[PlyCount "47"]
[EventDate "2009.09.27"]
[EventType "team"]
[EventRounds "11"]
[EventCountry "FRA"]
[Source "ChessBase"]
[SourceDate "2010.03.11"]

1. c4 Nf6 2. Nc3 g6 3. g3 Bg7 4. Bg2 d6 5. d3 c5 6. Rb1 Nc6 7. e3 Bf5 8. h3 h5
9. Nge2 Nb4 10. e4 Bc8 11. Be3 e5 12. f4 b6 13. O-O Nc6 14. fxe5 dxe5 15. Bg5
Nb8 16. Nd5 Nbd7 17. Nec3 Bb7 18. Qf3 O-O 19. Nxf6+ Bxf6 20. Bxf6 Nxf6 21. Qxf6
Qxd3 22. Rbd1 Qxc4 23. Qxe5 f6 24. Rxf6 1-0

[Event "FRA-chT2 0910"]
[Site "France"]
[Date "2009.10.04"]
[Round "1.7"]
[White "Waquet, Frederic"]
[Black "Stawiarski, Edmond"]
[Result "0-1"]
[WhiteElo "1977"]
[BlackElo "2137"]
[PlyCount "76"]
[EventDate "2009.09.27"]
[EventType "team"]
[EventRounds "11"]
[EventCountry "FRA"]
[Source "ChessBase"]
[SourceDate "2010.03.11"]

1. e4 d5 2. exd5 Qxd5 3. Nc3 Qd8 4. g3 Nf6 5. Bg2 g6 6. Nf3 Bg7 7. O-O O-O 8.
d3 Nbd7 9. Re1 Re8 10. Bg5 h6 11. Be3 c6 12. Rb1 Ng4 13. Nd2 Nxe3 14. Rxe3 Nb6
15. Re1 Nd5 16. Nxd5 cxd5 17. Nb3 e6 18. c4 dxc4 19. dxc4 Qc7 20. c5 Rd8 21.
Qf3 Rb8 22. c6 bxc6 23. Qxc6 Qxc6 24. Bxc6 Rd6 25. Bg2 Ra6 26. Red1 Bf6 27. Nc1
e5 28. Be4 Bh3 29. b3 Bg5 30. Rb2 Kf8 31. Rc2 Rb4 32. Bg2 Bf5 33. Rc5 Bxc1 34.
Rdxc1 Rxa2 35. Rxe5 Rd4 36. g4 Rxg4 37. Kf1 Rf4 38. f3 Rd4 0-1

[Event "FRA-chT2 0910"]
[Site "France"]
[Date "2009.10.04"]
[Round "1.7"]
[White "Wenzel, Johannes"]
[Black "Thorel, Gregoire"]
[Result "1-0"]
[WhiteElo "2125"]
[BlackElo "1847"]
[PlyCount "55"]
[EventDate "2009.09.27"]
[EventType "team"]
[EventRounds "11"]
[EventCountry "FRA"]
[Source "ChessBase"]
[SourceDate "2010.03.11"]

1. Nf3 d5 2. c4 e6 3. g3 Nf6 4. Bg2 c6 5. b3 Nbd7 6. Bb2 Be7 7. O-O O-O 8. Qc2
a5 9. d3 b6 10. Nbd2 Bb7 11. Rac1 c5 12. cxd5 Nxd5 13. a3 Ra7 14. e4 N5f6 15.
a4 Nb8 16. Nc4 Nc6 17. Rfd1 Nd4 18. Nxd4 cxd4 19. h3 Ne8 20. f4 Nd6 21. Bxd4
Nxc4 22. dxc4 Qc7 23. Qf2 Bc5 24. Bxc5 bxc5 25. Rd3 f5 26. exf5 Rxf5 27. Rcd1
Ba8 28. Rd7 1-0

[Event "FRA-chT2 0910"]
[Site "France"]
[Date "2009.10.04"]
[Round "1.7"]
[White "Zaninetti, Laurent"]
[Black "Pilte, Nicolas"]
[Result "0-1"]
[WhiteElo "1985"]
[BlackElo "2064"]
[PlyCount "72"]
[EventDate "2009.09.27"]
[EventType "team"]
[EventRounds "11"]
[EventCountry "FRA"]
[Source "ChessBase"]
[SourceDate "2010.03.11"]

1. c4 e5 2. g3 d6 3. Nc3 f5 4. d3 Nf6 5. Bg2 Be7 6. e4 O-O 7. Nge2 c6 8. O-O
Be6 9. exf5 Bxf5 10. d4 e4 11. d5 c5 12. h3 Nbd7 13. g4 Bg6 14. Nf4 Ne5 15. Ne6
Qd7 16. Nxf8 Rxf8 17. Qe2 Nfxg4 18. Nxe4 Nf6 19. Nxf6+ Rxf6 20. Rd1 Qf5 21. Rf1
Qd7 22. Rd1 Bf5 23. Kh2 Rg6 24. f4 Bf6 25. a4 Nxc4 26. Qxc4 Rxg2+ 27. Kxg2
Bxh3+ 28. Kh2 Qg4 29. Qe4 Qh5 30. Kg3 Qh4+ 31. Kf3 Bg4+ 32. Ke3 Qg3+ 33. Kd2
Qf2+ 34. Kd3 g6 35. Qe8+ Kg7 36. Be3 Qe2+ 0-1